Giáo trình tin học đại cương
সংরক্ষণ করুন:
| প্রধান লেখক: | |
|---|---|
| বিন্যাস: | গ্রন্থ |
| ভাষা: | Undetermined |
| প্রকাশিত: |
Tp.HCM
Lao động
2008
|
| বিষয়গুলি: | |
| অনলাইন ব্যবহার করুন: | http://lrc.tdmu.edu.vn/opac/search/detail.asp?aID=2&ID=3391 |
| ট্যাগগুলো: |
ট্যাগ যুক্ত করুন
কোনো ট্যাগ নেই, প্রথমজন হিসাবে ট্যাগ করুন!
|
| Thư viện lưu trữ: | Trung tâm Học liệu Trường Đại học Thủ Dầu Một |
|---|
| LEADER | 00657nam a2200193Ia 4500 | ||
|---|---|---|---|
| 001 | TDMU_3391 | ||
| 008 | 210410s9999 xx 000 0 und d | ||
| 082 | |a 004.1 (chua KT) | ||
| 090 | |b K5284 | ||
| 100 | |a Trường ĐH Kinh tế Tp.HCM | ||
| 245 | 0 | |a Giáo trình tin học đại cương | |
| 245 | 0 | |c Khoa tin học quản lý Trường đại học Kinh tế Tp.HCM | |
| 260 | |a Tp.HCM | ||
| 260 | |b Lao động | ||
| 260 | |c 2008 | ||
| 300 | |a 289 | ||
| 650 | |a Tin học đại cương | ||
| 856 | |u http://lrc.tdmu.edu.vn/opac/search/detail.asp?aID=2&ID=3391 | ||
| 980 | |a Trung tâm Học liệu Trường Đại học Thủ Dầu Một | ||